La democracia cristiana : (Registro nro. 3711)
[ vista simple ]
| 000 -LEADER | |
|---|---|
| fixed length control field | 00908nam a2200217Ia 4500 |
| 003 - CONTROL NUMBER IDENTIFIER | |
| control field | OSt |
| 005 - DATE AND TIME OF LATEST TRANSACTION | |
| control field | 20200407142618.0 |
| 008 - FIXED-LENGTH DATA ELEMENTS--GENERAL INFORMATION | |
| fixed length control field | 191128s1962 ck gr 001 0dspa d |
| 040 ## - CATALOGING SOURCE | |
| Original cataloging agency | CO-JMCR |
| Transcribing agency | CO-JMCR |
| 041 0# - LANGUAGE CODE | |
| Language code of text/sound track or separate title | spa |
| 082 04 - DEWEY DECIMAL CLASSIFICATION NUMBER | |
| Classification number | 261.7 / |
| Item number | J371d |
| 100 1# - MAIN ENTRY--PERSONAL NAME | |
| Personal name | Jaramillo, Francisco de Paula, |
| Relator term | autor |
| 9 (RLIN) | 2691 |
| 245 13 - TITLE STATEMENT | |
| Title | La democracia cristiana : |
| Remainder of title | una nueva perspectiva para Colombia / |
| Statement of responsibility, etc. | Francisco de Paula Jaramillo |
| 260 ## - PUBLICATION, DISTRIBUTION, ETC. | |
| Place of publication, distribution, etc. | Bogotá : |
| Name of publisher, distributor, etc. | Ediciones del Caribe, |
| Date of publication, distribution, etc. | 1962 |
| 300 ## - PHYSICAL DESCRIPTION | |
| Extent | 121 páginas |
| Dimensions | 17 cm. |
| 500 ## - GENERAL NOTE | |
| General note | Incluye biografía. |
| 505 ## - FORMATTED CONTENTS NOTE | |
| Formatted contents note | La democracia cristiana : una nueva perspectuiva para colombia -- Planeamientos socio_economos de la democracia cristiana -- La democracia cristiana como fuerza de proyectos mundiales -- La hora de la democracia cristiana |
| 650 14 - SUBJECT ADDED ENTRY--TOPICAL TERM | |
| Topical term or geographic name entry element | Democracia cristiana |
| 9 (RLIN) | 2692 |
| 650 24 - SUBJECT ADDED ENTRY--TOPICAL TERM | |
| Topical term or geographic name entry element | Iglesia Católica |
| General subdivision | problemas sociales |
| 9 (RLIN) | 2693 |
| 942 ## - ADDED ENTRY ELEMENTS (KOHA) | |
| Source of classification or shelving scheme | Dewey Decimal Classification |
| Koha item type | Books |
| Withdrawn status | Lost status | Source of classification or shelving scheme | Materials specified (bound volume or other part) | Damaged status | Not for loan | Home library | Current library | Shelving location | Date acquired | Source of acquisition | Cost, normal purchase price | Total Checkouts | Full call number | Barcode | Date last seen | Copy number | Price effective from | Koha item type |
|---|---|---|---|---|---|---|---|---|---|---|---|---|---|---|---|---|---|---|
| Dewey Decimal Classification | Donación--24/07/2018-- | Biblioteca Pública José María del Castillo y Rada | Biblioteca Pública José María del Castillo y Rada | General Stacks | 11/28/2019 | Donación | 0.00 | 261.7 / J371d | 201807701 | 05/16/2024 | Ej.1 | 11/28/2019 | Books |